Chemische Kinetik /

Uložené v:
Podrobná bibliografia
Hlavný autor: Schwetlick, Klaus (Author)
Médium: Kniha
Jazyk:German
Vydané: Leipzig : VEB Deutscher Verlag für Grundstoffindustrie, 1982.
Vydanie:3. überarbeitete Auflage
Edícia:Lehrwerk Chemie
Fyzický popis: 219 strán.
Tagy: Pridať tag
Žiadne tagy, Buďte prvý kto otaguje tento záznam!

MARC

LEADER 00000nam a22000002i 4500
001 000635607
005 20200428093349.0
008 200428s1982 gw e 000 0 ger d
020 |c Kčs 62,00  |q (brožované) 
040 |a SVKKK  |b slo  |c SVKKK  |e rda 
100 1 |a Schwetlick, Klaus  |4 aut 
245 1 0 |a Chemische Kinetik /  |c Klaus Schwetlick [et al.]. 
250 |a 3. überarbeitete Auflage 
264 1 |a Leipzig :  |b VEB Deutscher Verlag für Grundstoffindustrie,  |c 1982. 
300 |a 219 strán. 
336 |a text  |b txt  |2 rdacontent 
337 |a bez média  |b n  |2 rdamedia 
338 |a zväzok  |b nc  |2 rdacarrier 
490 1 |a Lehrwerk Chemie  |v Lehrbuch 6 
500 |a Záznam revízie 
830 0 |a Lehrwerk Chemie 
910 |a svkkk 
998 |a BK 
090 |g SCKHL  |k Sklad Pribinova 2. posch.  |a III.123622  |j 677650  |i 2720442595  |s Absenčne